Statistics for Projected Populations of Cities in Washington >100,000 People (2100)

Click here to take the quiz!

General Stats

  • This quiz has been taken 9 times
  • The average score is 18 of 30

Answer Stats

HintAnswer% Correct
177,027Bellingham
100%
172,033Everett
100%
1,778,740Seattle
100%
390,634Spokane
100%
388,943Tacoma
100%
427,173Vancouver
100%
144,355Yakima
100%
392,094Bellevue
75%
164,559Kennewick
75%
129,775Olympia
75%
218,556Pasco
75%
235,222Renton
75%
162,357Richland
75%
209,874Spokane Valley
75%
168,709Bothell
50%
195,511Federal Way
50%
500,592Kent
50%
453,483Kirkland
50%
107,449Lakewood
50%
157,592Marysville
50%
229,826Redmond
50%
245,943Sammamish
50%
103,924Shoreline
50%
226,109Auburn
25%
206,949Burien
25%
118,648Issaquah
25%
144,437Lacey
25%
164,763South Hill
25%
102,824Spanaway
25%
107,933Graham
0%

Score Distribution

Percentile by Number Answered

Percent of People with Each Score

Your Score History

You have not taken this quiz